[Event "IECC KO email"]
[White "Lalonde, Michel"]
[Black "Schoenrock, Karsten"]
[Site "IECC email"]
[Round "?"]
[Result "0-1"]
[Date "1999.11.09"]
[WhiteElo "1672"]
[BlackElo "1284"]
[PlyCount "98"]
[EventDate "1999.??.??"]
[EventType "tourn (corr)"]
[EventRounds "6"]
[SourceTitle "Corr 2008"]
[Source "ChessBase"]
[SourceDate "2008.06.24"]
[SourceVersion "1"]
[SourceVersionDate "2008.06.24"]
[SourceQuality "1"]

1. f4 g6 2. e4 Bg7 3. Nc3 d6 4. Nf3 Nf6 5. d4 0-0 6. Be3 c5 7. dxc5 Qa5 8. Bd3 Ng4 9. Bd2 Qxc5 10. Qe2 Nf6 11. b4 Qb6 12. e5 Ne8 13. Na4 Qc6 14. b5 Qc7 15. 0-0 Bg4 16. Rae1 dxe5 17. fxe5 Nd7 18. Bf4 e6 19. Qe4 Rd8 20. Rf2 Bxf3 21. Rxf3 Qa5 22. Re2 Bxe5 23. Bxe5 Nxe5 24. Qxe5 Qxa4 25. c4 Nd6 26. Qc3 Rc8 27. Rc2 Nxb5 28. Qf6 Rcd8 29. Rcf2 Nd4 30. Rh3 Nf5 31. Rhf3 Qc6 32. g4 Ng7 33. Qf4 Qc5 34. Qf6 Rd4 35. h3 e5 36. Bf1 h5 37. gxh5 Nxh5 38. Qg5 Nf4 39. Kh2 b6 40. Qf6 Rfd8 41. Kh1 Rd1 42. Rxf4 exf4 43. Rxf4 Qf8 44. Rf2 R8d2 45. Rxd2 Rxd2 46. Bg2 Qc5 47. Qf1 Rxa2 48. Bd5 Qc7 49. Qg1 Qd6 0-1

[Event "IECC KO email"]
[White "Richard, Andy"]
[Black "Schoenrock, Karsten"]
[Site "IECC email"]
[Round "?"]
[Result "1/2-1/2"]
[Date "1999.08.03"]
[WhiteElo "1278"]
[BlackElo "1270"]
[PlyCount "51"]
[EventDate "1999.??.??"]
[EventType "tourn (corr)"]
[EventRounds "6"]
[SourceTitle "Corr 2008"]
[Source "ChessBase"]
[SourceDate "2008.06.24"]
[SourceVersion "1"]
[SourceVersionDate "2008.06.24"]
[SourceQuality "1"]

1. e4 d6 2. d4 Nf6 3. Nc3 g6 4. f4 Bg7 5. Nf3 0-0 6. e5 Nfd7 7. h4 c5 8. h5 cxd4 9. Qxd4 dxe5 10. Qf2 e4 11. Nxe4 Nf6 12. Nxf6+ exf6 13. hxg6 Re8+ 14. Be3 fxg6 15. Bc4+ Be6 16. Bxe6+ Rxe6 17. 0-0 f5 18. Bd4 Bxd4 19. Nxd4 Re4 20. Rad1 Qb6 21. c3 Na6 22. Rfe1 Nc5 23. Rxe4 Nxe4 24. Qe2 Rd8 25. Re1 Kh8 26. Rd1 1/2-1/2

[Event "IECC M email"]
[White "Evans, Kyle"]
[Black "Schoenrock, Karsten"]
[Site "IECC email"]
[Round "?"]
[Result "0-1"]
[Date "1998.02.07"]
[WhiteElo "1194"]
[BlackElo "1250"]
[PlyCount "36"]
[EventDate "1998.??.??"]
[EventType "tourn (corr)"]
[EventRounds "12"]
[SourceTitle "Corr 2008"]
[Source "ChessBase"]
[SourceDate "2008.06.24"]
[SourceVersion "1"]
[SourceVersionDate "2008.06.24"]
[SourceQuality "1"]

1. d4 d6 2. e4 Nf6 3. Nc3 g6 4. f4 Bg7 5. Nf3 0-0 6. Be2 c5 7. dxc5 Qa5 8. 0-0 Qxc5+ 9. Kh1 Ng4 10. Qe1 Bxc3 11. bxc3 f5 12. e5 dxe5 13. fxe5 Nc6 14. h3 Ngxe5 15. Nxe5 Nxe5 16. Be3 Qxe3 17. Rf3 Qe4 18. Re3 Qxe3 0-1